00385nam a2200121Ia 4500008004100000024004400041082001700085100005300102245002000155260002500175600002500200650003800225250506s9999 xx 000 0 und d a15B-029-SE, 15B-035-SE & 15B-010-SE a005.3129 MUH aMuhammad Waleed Nasir, Areeba Asif & Hiba Khalid 4aThe Pets Planet aKarachi:bUIT,c2005 aSoftware Engineering aBachelor of Computer Science (BS)